| 000 | 00464nam a2200169Ia 4500 | ||
|---|---|---|---|
| 003 | OSt | ||
| 005 | 20260306094515.0 | ||
| 008 | 211028s2008 xx 000 0 und d | ||
| 040 | _cAIMIT LIBRARY | ||
| 041 | _aeng | ||
| 100 |
_aShetty, Rethesh; Hemalatha. _g50971283 _92871 |
||
| 110 |
_aHemalatha. _92872 |
||
| 245 | _aElectronic ditributor and reseller network administration / | ||
| 260 |
_aMangalore _c2008 |
||
| 710 |
_aCMCLimited _92873 |
||
| 942 |
_2ddc _cPRO |
||
| 999 |
_c217042 _d217042 |
||